Abhijana Sakunthalam (Record no. 1119)

MARC details
000 -LEADER
fixed length control field 00415nam a2200133Ia 4500
008 - FIXED-LENGTH DATA ELEMENTS--GENERAL INFORMATION
fixed length control field 211109s9999||||xx |||||||||||||| ||und||
082 ## - DEWEY DECIMAL CLASSIFICATION NUMBER
Classification number 894.812
Item number KAL-A
100 ## - MAIN ENTRY--PERSONAL NAME
Personal name Kalidassan,
245 #0 - TITLE STATEMENT
Title Abhijana Sakunthalam
260 ## - PUBLICATION, DISTRIBUTION, ETC.
Name of publisher, distributor, etc. Vallathol Printing & Publishing House
Place of publication, distribution, etc. Cheruthuruthy
Date of publication, distribution, etc. 1976
630 ## - SUBJECT ADDED ENTRY--UNIFORM TITLE
General subdivision General Stack
650 ## - SUBJECT ADDED ENTRY--TOPICAL TERM
Topical term or geographic name entry element Malayalam Poetry
942 ## - ADDED ENTRY ELEMENTS (KOHA)
Koha item type BOOK
650 ## - SUBJECT ADDED ENTRY--TOPICAL TERM
Form subdivision Sanskrit LiteratureMalayalam Literature
General subdivision Malayalam
Holdings
Withdrawn status Lost status Source of classification or shelving scheme Damaged status Not for loan Home library Current library Date acquired Cost, normal purchase price Total Checkouts Full call number Barcode Shelving location Date last seen Price effective from Koha item type
    Dewey Decimal Classification     SB LIBRARY SB LIBRARY 09/11/2021 100.00   894.812 KAL-A 00001124 GENERAL STACK 09/11/2021 09/11/2021 BOOK

Powered by Koha